| 000 | 00381cam a2200157ua 4500 | ||
|---|---|---|---|
| 041 |
_aeng _h |
||
| 082 |
_a671.2 _bHOW/MO |
||
| 100 | _aHoward, E.D . | ||
| 245 | 0 | 0 |
_aModern foundry practice / _cE.D.Howard. _hTextual Documents |
| 250 |
_a3 / _b. |
||
| 260 |
_aMumbai : _bAsia Publishing House , _c1961. |
||
| 300 | _a464 ; . | ||
| 504 | _a | ||
| 942 | _cBK | ||
| 999 |
_c2270 _d2270 |
||